Obchodné príležitosti a riziká drevospracujúceho priemyslu SR diplomová práca

Enregistré dans:
Détails bibliographiques
Auteur principal: Török, Erik
Collectivité auteur: Obchodná fakulta EU. Katedra medzinárodného obchodu
Autres auteurs: Žatko, Matúš, 1991-
Format: Livre
Langue:slovaque
Publié: Bratislava 2023
Tags: Ajouter un tag
Pas de tags, Soyez le premier à ajouter un tag!

MARC

LEADER 00000nbm a2200000 4500
001 0293912
005 20240126082238.4
041 0 |a slo 
044 |a SK 
245 1 0 |a Obchodné príležitosti a riziká drevospracujúceho priemyslu SR  |b diplomová práca  |c Erik Török ; školiteľ: Matúš Žatko 
264 1 |a Bratislava  |c 2023 
300 |a 80 s. 
100 1 |a Török, Erik 
700 1 |a Žatko, Matúš, 1991- 
710 2 |a Obchodná fakulta EU. Katedra medzinárodného obchodu